| 000 | 00481nam a22001697a 4500 | ||
|---|---|---|---|
| 008 | 230707b |||||||| |||| 00| 0 eng d | ||
| 040 |
_aNational Science Library _cNational Science Library |
||
| 080 |
_a629.19=914.3 _bJ8 |
||
| 100 | _aLey, Wily | ||
| 245 | _a रॉकेट की कहानी | ||
| 246 | _aRocket ki kahani | ||
| 260 |
_aChicago: _bColombia Features Inc., _c1956 |
||
| 300 | _a146p. | ||
| 650 | _aScience | ||
| 653 | _aAstronomy | ||
| 942 |
_2udc _cHBK |
||
| 999 |
_c50739 _d50739 |
||